[Event "Veletrzni turnaj 2020"]
[Site "Brno"]
[Date "2020.08.23"]
[Round "2.1"]
[White "Vyskocil, Neklan"]
[Black "Vaculik, Martin"]
[Result "1-0"]
[WhiteElo "2294"]
[BlackElo "1795"]
[PlyCount "61"]
[EventDate "2020.08.23"]

1. d4 d5 2. c4 e6 3. Nc3 c5 4. e3 Nf6 5. Nf3 Nc6 6. a3 cxd4 7. exd4 dxc4 8.
Bxc4 Be7 9. O-O O-O 10. h3 a6 11. Qd3 b5 12. Bb3 Bb7 13. Bc2 Nb8 14. Bg5 Nbd7
15. Rad1 Bxf3 16. Qxf3 Nd5 17. Bxe7 Nxe7 18. d5 exd5 19. Nxd5 Nxd5 20. Rxd5 Qe7
21. Bxh7+ Kxh7 22. Qd3+ g6 23. Rxd7 Qf6 24. b4 Rad8 25. Rd1 Rxd7 26. Qxd7 Qc3
27. Qe7 Kg7 28. f4 Qc2 29. Re1 Qf5 30. Qe5+ Qxe5 31. Rxe5 1-0

[Event "Veletrzni turnaj 2020"]
[Site "Brno"]
[Date "2020.08.23"]
[Round "2.2"]
[White "Tajovsky, Matej"]
[Black "Pokorny, Petr"]
[Result "1/2-1/2"]
[WhiteElo "1816"]
[BlackElo "2215"]
[PlyCount "38"]
[EventDate "2020.08.23"]

1. e4 e5 2. Nf3 Nf6 3. Nc3 Nc6 4. Bb5 Bd6 5. O-O O-O 6. d3 h6 7. Be3 Re8 8. Ne2
a6 9. Bc4 Bf8 10. Ng3 d5 11. Bb3 Na5 12. Qe2 Nxb3 13. axb3 c6 14. Bd2 Qc7 15.
Rfe1 dxe4 16. Nxe4 Nxe4 17. Qxe4 Be6 18. Qxe5 Bd6 19. Qh5 Bf4 1/2-1/2

[Event "Veletrzni turnaj 2020"]
[Site "Brno"]
[Date "2020.08.23"]
[Round "2.3"]
[White "Barak, David"]
[Black "Dvoracek, Jan Matyas"]
[Result "1/2-1/2"]
[WhiteElo "2098"]
[BlackElo "1761"]
[PlyCount "61"]
[EventDate "2020.08.23"]

1. d4 Nf6 2. c4 g6 3. Nc3 Bg7 4. e4 d6 5. Nf3 O-O 6. Be2 e5 7. d5 a5 8. h3 Na6
9. Bg5 h6 10. Be3 Nh5 11. Qc1 Nf4 12. Bxf4 exf4 13. Qxf4 a4 14. O-O a3 15. Qd2
axb2 16. Qxb2 Nc5 17. Qc2 f5 18. e5 dxe5 19. Rad1 Bd7 20. Nd2 e4 21. Nb3 b6 22.
Nd4 Qe8 23. Rfe1 Be5 24. Bf1 Qe7 25. Rd2 Qg7 26. Ncb5 Bxb5 27. Nxb5 Nb7 28. Rb1
Nd6 29. Nxd6 Bxd6 30. Qb2 Qxb2 31. Rbxb2 1/2-1/2

[Event "Veletrzni turnaj 2020"]
[Site "Brno"]
[Date "2020.08.23"]
[Round "2.4"]
[White "Pelikan, Jaromir"]
[Black "Meszaros, Ludek"]
[Result "0-1"]
[WhiteElo "1788"]
[BlackElo "2067"]
[PlyCount "84"]
[EventDate "2020.08.23"]

1. d4 Nf6 2. Nf3 g6 3. g3 Bg7 4. c4 O-O 5. Bg2 d6 6. O-O Nc6 7. Nc3 Bf5 8. a3
Ne4 9. e3 Nxc3 10. bxc3 Qd7 11. Nd2 Bh3 12. Re1 Bxg2 13. Kxg2 Na5 14. Qf3 Qa4
15. Qd1 Qc6+ 16. Qf3 Qa6 17. Qe2 c5 18. Rb1 Rac8 19. h4 Rfe8 20. h5 cxd4 21.
cxd4 Nxc4 22. hxg6 hxg6 23. Nxc4 Rxc4 24. Qf3 b5 25. Qd5 Rec8 26. Bb2 e6 27.
Qe4 Qc6 28. Qxc6 R8xc6 29. Rec1 Rc2 30. Rd1 d5 31. Kf3 Bf8 32. Rbc1 a5 33. Rxc2
Rxc2 34. Rb1 b4 35. axb4 Bxb4 36. Bc1 f5 37. Ra1 Kf7 38. Ba3 Bc3 39. Rb1 g5 40.
Bd6 Kg6 41. Be7 Bb2 42. Rg1 g4+ 0-1

[Event "Veletrzni turnaj 2020"]
[Site "Brno"]
[Date "2020.08.23"]
[Round "2.5"]
[White "Simbera, Jiri"]
[Black "Rehurek, Karel"]
[Result "0-1"]
[WhiteElo "2038"]
[BlackElo "1755"]
[PlyCount "76"]
[EventDate "2020.08.23"]

1. b3 e5 2. Bb2 Nc6 3. c4 Nf6 4. Nc3 d6 5. g3 Bf5 6. Bg2 Nb4 7. d3 c6 8. a3 Na6
9. b4 Nc7 10. e3 Be7 11. Nf3 O-O 12. O-O e4 13. Nd4 Bg4 14. Qc2 exd3 15. Qxd3
d5 16. cxd5 Ncxd5 17. Nxd5 Nxd5 18. Qb3 Nb6 19. f3 Bd7 20. Rad1 Qc8 21. Rc1 Qb8
22. Rfd1 c5 23. bxc5 Ba4 24. Qc3 Nd5 25. Qd3 Bxd1 26. Rxd1 Bf6 27. f4 Qd8 28.
Qb3 Nxe3 29. Qxe3 Re8 30. Qf2 Rc8 31. Bf1 Qa5 32. c6 bxc6 33. Nxc6 Qa4 34. Bxf6
Rxc6 35. Bb2 Rce6 36. Kg2 Re3 37. Rd8 Rxd8 38. Qxe3 Qc2+ 0-1

[Event "Veletrzni turnaj 2020"]
[Site "Brno"]
[Date "2020.08.23"]
[Round "2.6"]
[White "Dvorakova, Olga"]
[Black "Glozar, Petr"]
[Result "0-1"]
[WhiteElo "1758"]
[BlackElo "2010"]
[PlyCount "124"]
[EventDate "2020.08.23"]

1. d4 Nf6 2. Nf3 g6 3. c4 Bg7 4. Nc3 d5 5. cxd5 Nxd5 6. e4 Nxc3 7. bxc3 c5 8.
Be2 O-O 9. O-O Nc6 10. Be3 Qc7 11. d5 Ne5 12. Qd2 Rd8 13. Nxe5 Qxe5 14. Bxc5
Qxe4 15. Bf3 Qh4 16. Rfe1 e6 17. Re4 Qf6 18. Rc1 e5 19. Be3 Qd6 20. Rb4 Bf8 21.
Rb5 b6 22. c4 Qd7 23. Bg5 Re8 24. Be4 Ba6 25. Rb3 Rac8 26. Bd3 Rc7 27. Bf1 Bc5
28. Bf6 Qd6 29. Qg5 e4 30. Rh3 Qf8 31. Be5 Be7 32. Qf4 Rc5 33. d6 Bg5 34. Qxg5
Rexe5 35. Qh4 Rh5 36. Qxe4 Rxh3 37. d7 Rhh5 38. Qe8 Rc8 39. dxc8=Q Bxc8 40. Re1
Be6 41. Qc6 Qd8 42. h3 Rc5 43. Qa4 Qc7 44. Re4 Qc6 45. Qxc6 Rxc6 46. f4 Rc5 47.
Rd4 Kf8 48. Kf2 Ke7 49. Ke3 Ra5 50. Rd2 Ra4 51. Rc2 Kd6 52. Kd4 b5 53. Be2 bxc4
54. Bxc4 Bxc4 55. Rxc4 Rxa2 56. g4 a5 57. Ke4 a4 58. f5 Ra1 59. Kf4 f6 60. Rc8
g5+ 61. Kg3 a3 62. h4 a2 0-1

[Event "Veletrzni turnaj 2020"]
[Site "Brno"]
[Date "2020.08.23"]
[Round "2.7"]
[White "Neduchal, Jiri"]
[Black "Snorek, Milan"]
[Result "0-1"]
[WhiteElo "1749"]
[BlackElo "1963"]
[PlyCount "66"]
[EventDate "2020.08.23"]

1. d4 Nf6 2. Nf3 e6 3. e3 b6 4. Bd3 Bb7 5. O-O Be7 6. Nbd2 d5 7. Qe2 O-O 8. e4
dxe4 9. Nxe4 Nbd7 10. c3 Nxe4 11. Bxe4 Bxe4 12. Qxe4 Nf6 13. Qe2 c5 14. dxc5
Bxc5 15. Be3 Bxe3 16. Qxe3 Qc7 17. Rfd1 Rfd8 18. Qe2 Nd5 {0,27} 19. Rd4 Nf4 20.
Qe4 Rxd4 21. Nxd4 Rd8 22. Re1 {-0,00} Ng6 23. Nf3 h6 24. h3 Rd5 25. c4 Rd8 26.
b4 Qd6 27. Qb1 {-0,56} Kf8 28. Rc1 Nf4 29. c5 Qd5 30. Rc2 Nxh3+ {-2,28} 31.
gxh3 Qxf3 32. Rc1 Rd2 33. Rf1 Rd5 0-1

[Event "Veletrzni turnaj 2020"]
[Site "Brno"]
[Date "2020.08.23"]
[Round "2.8"]
[White "Pribyl, Rene"]
[Black "Blazek, Pavel"]
[Result "1/2-1/2"]
[WhiteElo "1950"]
[BlackElo "1740"]
[PlyCount "119"]
[EventDate "2020.08.23"]

1. d4 Nf6 2. c4 g6 3. Nc3 d5 4. cxd5 Nxd5 5. e4 Nxc3 6. bxc3 Bg7 7. Be3 c5 8.
Bb5+ Bd7 9. Bxd7+ Nxd7 10. Ne2 cxd4 11. cxd4 O-O 12. O-O Qa5 13. Qb3 Qa6 14.
Nc3 Nb6 15. Rab1 Rac8 16. Rfc1 Qd3 17. e5 Kh8 18. Nb5 Qxb3 19. Rxb3 Rxc1+ 20.
Bxc1 Rd8 21. f4 a6 22. Na3 Rc8 23. Bd2 Nc4 24. Nxc4 Rxc4 25. Rxb7 Rxd4 26. Rb8+
Bf8 27. Rxf8+ Kg7 28. Ra8 Rxd2 29. Rxa6 e6 30. a4 Ra2 31. Ra8 h5 32. h4 Kh7 33.
a5 Kg7 34. a6 Kh7 35. Kf1 Kg7 36. a7 Kh7 37. Ke1 Kg7 38. Kd1 Kh7 39. Kc1 Kg7
40. Kb1 Ra4 41. Kb2 Ra5 42. Kb3 Ra1 43. Kb4 Ra2 44. Kc5 Ra6 45. Kb5 Ra1 46. Kb6
Rb1+ 47. Kc7 Rc1+ 48. Kd6 Rd1+ 49. Kc5 Rc1+ 50. Kd4 Ra1 51. Ke4 Ra4+ 52. Kf3
Kh7 53. Kg3 Ra3+ 54. Kh2 Kg7 55. g3 Ra1 56. g4 hxg4 57. Kg3 Rg1+ 58. Kf2 Ra1
59. Kg3 Rg1+ 60. Kf2 1/2-1/2

[Event "Veletrzni turnaj 2020"]
[Site "Brno"]
[Date "2020.08.23"]
[Round "2.9"]
[White "Nekvasil, Radek"]
[Black "Stehlik, Jiri"]
[Result "1/2-1/2"]
[WhiteElo "1735"]
[BlackElo "1945"]
[PlyCount "82"]
[EventDate "2020.08.23"]

1. e4 c6 2. d4 g6 3. Nf3 Bg7 4. Bd3 d6 5. O-O Bg4 6. Be3 Nd7 7. h3 Bxf3 8. Qxf3
e5 9. c3 Ngf6 10. Nd2 O-O 11. Nc4 Qe7 12. Na5 Nb8 13. dxe5 dxe5 14. Nb3 Nbd7
15. Rfd1 Rfc8 16. Rd2 a5 17. a4 Qe6 18. Nc5 Nxc5 19. Bxc5 Nd7 20. Be3 Bf8 21.
Rad1 Rc7 22. Bc2 Be7 23. Bh6 Nc5 24. b4 Nd7 25. Rb1 Nf8 26. Bb3 Qf6 27. Qg4 Qh4
28. Qf3 Qf6 29. Qg3 g5 30. Bxf8 Bxf8 31. Rd3 Qf4 32. h4 axb4 33. cxb4 Bxb4 34.
Bxf7+ Rxf7 35. Rxb4 h6 36. Qxf4 gxf4 37. Rd6 Kh7 38. Re6 Ra5 39. Kh2 Rc5 40. f3
Rd7 41. Rb2 h5 1/2-1/2

[Event "Veletrzni turnaj 2020"]
[Site "Brno"]
[Date "2020.08.23"]
[Round "2.10"]
[White "Wunsch, Radek"]
[Black "Lisik, Miroslav"]
[Result "1-0"]
[WhiteElo "1902"]
[BlackElo "1687"]
[PlyCount "97"]
[EventDate "2020.08.23"]

1. e4 c5 2. Nf3 g6 3. c3 Bg7 4. d4 cxd4 5. cxd4 d5 6. e5 Bg4 7. Bb5+ Nd7 8. Nc3
e6 9. h3 Bxf3 10. Qxf3 a6 11. Ba4 Ne7 12. Bg5 O-O 13. O-O b5 14. Bc2 Nb6 15. a4
b4 16. Na2 a5 17. Nc1 Qc7 18. Bd3 Nc6 19. Nb3 Rfc8 20. Rfc1 Qa7 21. Bb5 Ne7 22.
Nc5 Nf5 23. Qd3 h6 24. Bf4 Ne7 25. b3 g5 26. Bd2 Ng6 27. Nxe6 fxe6 28. Qxg6 Qf7
29. Qxf7+ Kxf7 30. Kf1 Bf8 31. Ke2 Rxc1 32. Rxc1 Rc8 33. f4 Be7 34. fxg5 Rxc1
35. Bxc1 hxg5 36. Kf3 Kg6 37. Kg4 Bd8 38. Be8+ Kg7 39. Bxg5 Bc7 40. h4 Bb8 41.
h5 Ba7 42. Be3 Na8 43. h6+ Kg8 44. Bd7 Nc7 45. Kg5 Kf7 46. g4 Bb6 47. Kh5 Ba7
48. g5 Bb6 49. g6+ 1-0

[Event "Veletrzni turnaj 2020"]
[Site "Brno"]
[Date "2020.08.23"]
[Round "2.11"]
[White "Brychta, Jan"]
[Black "Marsa, Alexandr"]
[Result "0-1"]
[WhiteElo "1490"]
[BlackElo "1871"]
[PlyCount "62"]
[EventDate "2020.08.23"]

1. d4 d5 2. Bf4 Nf6 3. e3 g6 4. Nd2 Bg7 5. c3 O-O 6. Be2 b6 7. g4 c5 8. h4 cxd4
9. cxd4 Ba6 10. Bxa6 Nxa6 11. a3 Qd7 12. f3 Rac8 13. h5 Qb5 14. hxg6 fxg6 15.
b4 Rc6 16. Ne2 Nd7 17. Qb3 e6 18. Rb1 Rfc8 19. a4 Qxb4 20. Qa2 Qf8 21. Qb3 Nc7
22. Kf2 Ne8 23. g5 Nd6 24. Rh2 Rc2 25. Qd3 Qf5 26. e4 dxe4 27. fxe4 Rxd2 28.
exf5 Rxd3 29. Bxd6 exf5 30. Rbh1 Rc2 31. Rxh7 Rdd2 0-1

[Event "Veletrzni turnaj 2020"]
[Site "Brno"]
[Date "2020.08.23"]
[Round "2.12"]
[White "Zuziak, Petr"]
[Black "Hradek, Matyas"]
[Result "1-0"]
[WhiteElo "1861"]
[BlackElo "1578"]
[PlyCount "69"]
[EventDate "2020.08.23"]

1. d4 d5 2. Bg5 h6 3. Bh4 Bf5 4. c4 c6 5. Nc3 g5 6. Bg3 Nf6 7. Nf3 Nbd7 8. e3
e6 9. Qb3 Qb6 10. c5 Qxb3 11. axb3 Be7 12. b4 O-O 13. b5 Nh5 14. Be2 cxb5 15.
Bxb5 Ndf6 16. Be5 Ne4 17. Nxe4 Bxe4 18. O-O a6 19. Be2 f6 20. Bc7 Rfc8 21. Ba5
Bg6 22. Ra3 Bd8 23. Bxd8 Rxd8 24. Rb3 Rab8 25. Rb6 Ng7 26. Nd2 Bc2 27. Rc1 Ba4
28. Bd3 Kf7 29. Ra1 Be8 30. Nb3 Rdc8 31. Na5 Rc6 32. Nxc6 Bxc6 33. Bxa6 Ra8 34.
Ra3 Rxa6 35. Raxa6 1-0

[Event "Veletrzni turnaj 2020"]
[Site "Brno"]
[Date "2020.08.23"]
[Round "2.13"]
[White "Lukas, Frantisek"]
[Black "Hayrumyan, Artur"]
[Result "1-0"]
[WhiteElo "1849"]
[BlackElo "1481"]
[PlyCount "48"]
[EventDate "2020.08.23"]

1. d4 d5 2. c4 c6 3. Nf3 Nf6 4. e3 Bg4 5. Nc3 e6 6. h3 Bxf3 7. Qxf3 dxc4 8.
Bxc4 Nbd7 9. O-O Be7 10. Rd1 Qc7 11. e4 h5 12. Bf4 Qb6 13. Rab1 Ng8 14. Qg3 h4
15. Qf3 g5 16. Be3 Qc7 17. Rbc1 b5 18. Nxb5 cxb5 19. Bxe6 Qd6 20. e5 Qb8 21.
Qxf7+ Kd8 22. Bxd7 Kxd7 23. Bxg5 Qb7 24. e6+ Kd8 1-0

[Event "Veletrzni turnaj 2020"]
[Site "Brno"]
[Date "2020.08.23"]
[Round "2.14"]
[White "Hruza, Dominik"]
[Black "Zeman, Arnost"]
[Result "1/2-1/2"]
[WhiteElo "1873"]
[BlackElo "1842"]
[PlyCount "52"]
[EventDate "2020.08.23"]

1. e4 c5 2. c3 g6 3. d4 cxd4 4. cxd4 Bg7 5. Nc3 d6 6. Nf3 Nf6 7. Bb5+ Bd7 8.
Bxd7+ Nfxd7 9. O-O O-O 10. Qb3 Nc6 11. Be3 Na5 12. Qb4 b6 13. Rac1 Nf6 14. h3
Rc8 15. b3 Qd7 16. Rfd1 Qb7 17. d5 Nd7 18. Nd4 Nc5 19. f3 Qa8 20. Qb5 Ncb7 21.
Qd7 Bf6 22. Ncb5 Rcd8 23. Qg4 h5 24. Qg3 Rc8 25. Nc7 Qb8 26. Na6 Qa8 1/2-1/2

[Event "Veletrzni turnaj 2020"]
[Site "Brno"]
[Date "2020.08.23"]
[Round "2.15"]
[White "Marcik, Filip"]
[Black "Mencik, Pavel"]
[Result "0-1"]
[WhiteElo "1264"]
[BlackElo "1853"]
[PlyCount "66"]
[EventDate "2020.08.23"]

1. d4 Nf6 2. c4 c5 3. Nf3 cxd4 4. Nxd4 e5 5. Nf3 Nc6 6. Nc3 Bb4 7. Bd2 O-O 8.
a3 Ba5 9. b4 Bc7 10. e4 Nd4 11. Bd3 Re8 12. Be3 Ne6 13. O-O b6 14. Nd5 Nxd5 15.
exd5 Nf8 16. Qc2 d6 17. Nd2 Ng6 18. f4 exf4 19. Bxf4 Qh4 20. Bg3 Qh5 21. Ne4
Ne5 22. Rae1 Bf5 23. Nf6+ gxf6 24. Bxf5 Kh8 25. Re4 Ng6 26. Rfe1 Rxe4 27. Qxe4
Ne5 28. h3 Rg8 29. Kh2 Bd8 30. Rf1 Qg5 31. Bf2 Nxc4 32. h4 Qg7 33. Bxh7 Nd2 0-1

[Event "Veletrzni turnaj 2020"]
[Site "Brno"]
[Date "2020.08.23"]
[Round "2.16"]
[White "Peska, Jan"]
[Black "Kucera, David"]
[Result "1/2-1/2"]
[WhiteElo "1359"]
[BlackElo "1388"]
[PlyCount "46"]
[EventDate "2020.08.23"]

1. c4 Nf6 2. Nf3 e6 3. d4 b6 4. g3 Bb7 5. Bg2 Be7 6. O-O O-O 7. Nc3 d5 8. Ne5
Ne4 9. cxd5 Nxc3 10. bxc3 Bxd5 11. e4 Bb7 12. Re1 Nc6 13. Nxc6 Bxc6 14. Be3 Bb7
15. Qb3 Qc8 16. c4 c5 17. Rad1 cxd4 18. Bxd4 Bc5 19. Bxc5 Qxc5 20. Qb5 Rfc8 21.
Rd7 Bc6 22. Qxc5 bxc5 23. Rd6 Kf8 1/2-1/2

[Event "Veletrzni turnaj 2020"]
[Site "Brno"]
[Date "2020.08.23"]
[Round "2.17"]
[White "Pokladnik, Martin"]
[Black "Lazniewski, Tadeusz"]
[Result "1/2-1/2"]
[WhiteElo "2001"]
[BlackElo "1392"]
[PlyCount "90"]
[EventDate "2020.08.23"]

1. e4 c5 2. Nf3 Nc6 3. d4 cxd4 4. Nxd4 e5 5. Nb5 a6 6. Nd6+ Bxd6 7. Qxd6 Qe7 8.
Qd1 Nf6 9. Nc3 d6 10. Bc4 h6 11. O-O Be6 12. Qe2 Nd4 13. Qd3 Bxc4 14. Qxc4 O-O
15. Qd3 Rac8 16. Be3 Ne6 17. f3 Rfd8 18. Rfd1 Nc7 19. Bb6 Rd7 20. Bxc7 Rcxc7
21. Rd2 Rc8 22. Rad1 Rcd8 23. Qc4 h5 24. Qb4 h4 25. Nd5 Nxd5 26. Rxd5 Qe6 27.
c4 f6 28. b3 g5 29. h3 Qe7 30. Qb6 Kf7 31. b4 Ke8 32. Kh2 Kf7 33. a4 Ke8 34. c5
dxc5 35. bxc5 Kf7 36. c6 bxc6 37. Qxc6 Rxd5 38. exd5 Qd6 39. Qb7+ Rd7 40. Qb3
Ke7 41. Kh1 Qc5 42. Qd3 Rd6 43. Qh7+ Ke8 44. Qg8+ Ke7 45. Rb1 Rb6 1/2-1/2

[Event "Veletrzni turnaj 2020"]
[Site "Brno"]
[Date "2020.08.23"]
[Round "2.18"]
[White "Sauman, Petr"]
[Black "Mares, Jaroslav"]
[Result "0-1"]
[WhiteElo "1387"]
[BlackElo "1947"]
[PlyCount "120"]
[EventDate "2020.08.23"]

1. d4 Nf6 2. c4 e6 3. Nc3 d5 4. Bg5 Be7 5. e3 a6 6. Nf3 Nbd7 7. Qc2 h6 8. Bxf6
Nxf6 9. cxd5 exd5 10. a3 c6 11. Be2 Be6 12. O-O O-O 13. Rac1 Bd6 14. Na4 Nd7
15. b4 Qe7 16. Nc5 Nf6 17. Rfe1 Ne4 18. Nxe4 Bf5 19. Nfd2 dxe4 20. Nc4 Bc7 21.
Qd1 Rfd8 22. g3 Rd5 23. Bf1 a5 24. Qd2 axb4 25. Qxb4 Qxb4 26. axb4 Ra4 27. Rb1
b5 28. Nd2 Bd6 29. Rec1 Bxb4 30. Nb3 Rd6 31. Nc5 Bxc5 32. Rxc5 Rf6 33. Rbc1 Bd7
34. Bg2 Ra2 35. R5c2 Rxc2 36. Rxc2 Bf5 37. Rc5 Bg6 38. d5 cxd5 39. Rxb5 Rd6 40.
f3 f5 41. fxe4 fxe4 42. Rb1 Kf7 43. Rd1 Ke6 44. Bh3+ Ke5 45. Rc1 Rf6 46. Bg2
Bh5 47. Rc7 g5 48. Rc3 Be2 49. Rc2 Bd3 50. Rc1 Rb6 51. Rc8 Rb1+ 52. Kf2 Rb2+
53. Kg1 Re2 54. Rh8 Rxe3 55. Rxh6 Re1+ 56. Kf2 Re2+ 57. Kg1 e3 58. h4 Re1+ 59.
Kh2 Bf1 60. Rh5 Re2 0-1

[Event "Veletrzni turnaj 2020"]
[Site "Brno"]
[Date "2020.08.23"]
[Round "2.19"]
[White "Sikora, Lukáš"]
[Black "Daniel, Antonín"]
[Result "1-0"]
[WhiteElo "1946"]
[BlackElo "1379"]
[PlyCount "99"]
[EventDate "2020.08.23"]

1. d4 d5 2. c4 c6 3. cxd5 cxd5 4. Nc3 e6 5. Bf4 a6 6. Nf3 Nc6 7. e3 h6 8. Bd3
Nf6 9. h4 Bd6 10. Qe2 Bxf4 11. exf4 Qb6 12. O-O-O Qc7 13. f5 O-O 14. fxe6 Bxe6
15. Qd2 Nb4 16. Kb1 Nxd3 17. Qxd3 Ng4 18. Qd2 Rac8 19. Rhe1 Rfe8 20. Rc1 Qa5
21. Ne5 Nxe5 22. Rxe5 b5 23. Rce1 Qb4 24. f4 Qc4 25. g4 Bd7 26. Nxd5 Rxe5 27.
dxe5 Qc5 28. Rc1 Qxc1+ 29. Qxc1 Rxc1+ 30. Kxc1 Bxg4 31. f5 Bf3 32. Nc7 Bb7 33.
b4 Kf8 34. f6 g5 35. hxg5 hxg5 36. Kd2 g4 37. Ke3 g3 38. e6 fxe6 39. Nxe6+ Ke8
40. f7+ Kxf7 41. Nd8+ Ke7 42. Nxb7 Ke6 43. Nc5+ Kd5 44. Nxa6 Kc4 45. Kf3 Kc3
46. Kxg3 Kb2 47. Kf4 Kxa2 48. Ke4 Kb3 49. Kd5 Ka4 50. Kc5 1-0

[Event "Veletrzni turnaj 2020"]
[Site "Brno"]
[Date "2020.08.23"]
[Round "2.20"]
[White "Haupt, Jaromír"]
[Black "Vojtek, Pavel"]
[Result "1-0"]
[WhiteElo "1719"]
[BlackElo "1352"]
[PlyCount "51"]
[EventDate "2020.08.23"]

1. c4 d6 2. e4 Nf6 3. Nc3 g6 4. g3 e5 5. Bg2 Nc6 6. Nge2 Bg7 7. O-O O-O 8. d4
exd4 9. Nxd4 Ne5 10. b3 Re8 11. f4 Ned7 12. Re1 c6 13. h3 Qb6 14. Be3 Qa5 15.
Qc2 c5 16. Nde2 Rb8 17. Rad1 Qa6 18. Nb5 b6 19. Nc7 Qa5 20. Bd2 Qa3 21. Nc3
Nxe4 22. N3b5 Qb2 23. Qxb2 Bxb2 24. Nxe8 a6 25. Rxe4 axb5 26. Nxd6 1-0

[Event "Veletrzni turnaj 2020"]
[Site "Brno"]
[Date "2020.08.23"]
[Round "2.21"]
[White "Lazniewska, Zofia"]
[Black "Vavrinkova, Anna"]
[Result "0-1"]
[WhiteElo "1217"]
[BlackElo "1657"]
[PlyCount "82"]
[EventDate "2020.08.23"]

1. e4 c5 2. c3 d6 3. d4 Nf6 4. dxc5 Nc6 5. Bd3 dxc5 6. Be3 e6 7. Nf3 Be7 8. O-O
O-O 9. Qc2 Qc7 10. Nbd2 Ng4 11. Rfe1 Nxe3 12. Rxe3 h6 13. Ree1 a6 14. Rad1 b5
15. a3 Bb7 16. b4 c4 17. Be2 Bf6 18. Bf1 Rfd8 19. Nb1 a5 20. Rxd8+ Rxd8 21.
Nbd2 axb4 22. axb4 Ra8 23. Rb1 Ra3 24. Qd1 Rxc3 25. Qe2 Ra3 26. Ne1 Nd4 27. Qh5
c3 28. Ndf3 Bxe4 29. Rc1 Nb3 30. Rd1 c2 31. Nxc2 Bxc2 32. Re1 Bf5 33. Nh4 Nd4
34. Nxf5 Nxf5 35. Bxb5 Qb6 36. Bd3 Rxd3 37. Rd1 Rxd1+ 38. Qxd1 Qxb4 39. h3 Qd4
40. Qc1 Qa1 41. Qxa1 Bxa1 0-1

[Event "Veletrzni turnaj 2020"]
[Site "Brno"]
[Date "2020.08.23"]
[Round "2.22"]
[White "Zikan, Karel"]
[Black "Komarek, Tobias"]
[Result "1-0"]
[WhiteElo "1646"]
[BlackElo "1222"]
[PlyCount "66"]
[EventDate "2020.08.23"]

1. Nf3 Nc6 2. d4 d5 3. c4 Bf5 4. cxd5 Qxd5 5. Nc3 Qd7 6. Bf4 Nf6 7. e3 e6 8.
Bb5 Bd6 9. Bxd6 cxd6 10. O-O a6 11. Bxc6 Qxc6 12. Rc1 Qd7 13. Nh4 Bg4 14. f3
Bh5 15. g4 Bg6 16. Nxg6 hxg6 17. Qd3 Ke7 18. Rf2 Rh7 19. g5 Nh5 20. Rfc2 d5 21.
Ne2 Qd6 22. Rc7+ Ke8 23. Rxb7 Qxh2+ 24. Kxh2 Nf4+ 25. Kg3 Nxd3 26. Rd1 Rh3+ 27.
Kg2 Nxb2 28. Rxb2 Rh5 29. f4 Rc8 30. Nc1 Rxc1 31. Rxc1 f6 32. gxf6 gxf6 33. Rb6
e5 1-0

[Event "Veletrzni turnaj 2020"]
[Site "Brno"]
[Date "2020.08.24"]
[Round "2.23"]
[White "Karafiat, Vojtech"]
[Black "Tajovsky, Simon"]
[Result "1-0"]
[WhiteElo "1179"]
[BlackElo "1624"]
[PlyCount "45"]
[EventDate "2020.08.23"]
[SourceDate "2020.08.25"]

1. d4 Nf6 2. Nc3 d5 3. Bf4 e6 4. e3 Bd6 5. Bg3 O-O 6. Bd3 c5 7. Nb5 Bxg3 8.
hxg3 c4 9. Bxh7+ Nxh7 10. Qh5 f6 11. Qxh7+ Kf7 12. Qh5+ Ke7 13. Qg4 Kf7 14. Rh7
Rg8 15. Qh5+ Kf8 16. Rh8 Qa5+ 17. Nc3 Qc7 18. Rxg8+ Kxg8 19. Qe8+ Kh7 20. Nf3
Bd7 21. Qf7 Na6 22. O-O-O Be8 23. Rh1# 1-0

[Event "Veletrzni turnaj 2020"]
[Site "Brno"]
[Date "2020.08.23"]
[Round "2.24"]
[White "Saskova, Renata"]
[Black "Nisztuk, Michal"]
[Result "0-1"]
[WhiteElo "1132"]
[BlackElo "1597"]
[PlyCount "56"]
[EventDate "2020.08.23"]

1. e4 e5 2. Nf3 Nc6 3. d4 exd4 4. Nxd4 Bc5 5. Nb3 Bb6 6. Nc3 Qf6 7. Qd2 d6 8.
Bd3 Nge7 9. Qe2 Ne5 10. h3 O-O 11. Be3 c5 12. O-O-O a5 13. Bb5 Rd8 14. f4 N5c6
15. g4 g6 16. Bxc6 bxc6 17. f5 a4 18. Nd2 a3 19. Qc4 axb2+ 20. Kxb2 Ba6 21. Qb3
Ba5 22. Kc1 Qxc3 23. Qxc3 Bxc3 24. Rhf1 Bxf1 25. Rxf1 Rxa2 26. Nb3 Rda8 27. Rd1
Ra1+ 28. Nxa1 Rxa1# 0-1

[Event "Veletrzni turnaj 2020"]
[Site "Brno"]
[Date "2020.08.23"]
[Round "2.25"]
[White "Kacalek, Toman"]
[Black "Brda, Vlastimil"]
[Result "1-0"]
[WhiteElo "1589"]
[BlackElo "1211"]
[PlyCount "69"]
[EventDate "2020.08.23"]

1. d4 c6 2. e4 e6 3. c4 Bb4+ 4. Nc3 d5 5. e5 Na6 6. Nf3 Bd7 7. Bd2 dxc4 8. Bxc4
b5 9. Bd3 Nc7 10. O-O Ne7 11. Nxb5 Bxd2 12. Nd6+ Kf8 13. Nxd2 Nf5 14. Nxf5 exf5
15. Qc2 Qc8 16. Nc4 g6 17. Nd6 Qb8 18. Rfc1 Ne6 19. Bxf5 Nxd4 20. Qc4 Ne6 21.
Be4 Qxb2 22. Re1 Qxe5 23. Bxc6 Qxd6 24. Bxa8 Ke7 25. Rad1 Qb6 26. Bd5 Rc8 27.
Qh4+ Ke8 28. Qxh7 Kf8 29. Qh8+ Ke7 30. Qh4+ Kf8 31. Qf6 Rc2 32. Bxe6 Bxe6 33.
Rd8+ Qxd8 34. Qxd8+ Kg7 35. Qe7 1-0

[Event "Veletrzni turnaj 2020"]
[Site "Brno"]
[Date "2020.08.23"]
[Round "2.26"]
[White "Ulcak, Michael"]
[Black "Soucek, Andrej"]
[Result "1-0"]
[WhiteElo "1552"]
[BlackElo "1098"]
[PlyCount "44"]
[EventDate "2020.08.23"]

1. e4 c5 2. Nc3 Nc6 3. g3 g6 4. Bg2 Bg7 5. d3 Nf6 6. Be3 d6 7. Nge2 O-O 8. O-O
Ng4 9. Bd2 Qb6 10. Rb1 Be6 11. Nf4 Bd7 12. Nfd5 Qd8 13. Qe1 e6 14. Ne3 Nge5 15.
f4 d5 16. exd5 exd5 17. Nexd5 Ng4 18. h3 Nf6 19. g4 Nxd5 20. Nxd5 Be6 21. Nc3
Bxc3 22. Bxc3 Bd7 1-0

[Event "Veletrzni turnaj 2020"]
[Site "Brno"]
[Date "2020.08.23"]
[Round "2.30"]
[White "Prokop, Jiri"]
[Black "Tokabayev, Alibek"]
[Result "0-1"]
[WhiteElo "1680"]
[BlackElo "1896"]
[PlyCount "108"]
[EventDate "2020.08.23"]

1. f4 Nf6 2. Nf3 g6 3. e3 Bg7 4. d4 O-O 5. Bd3 c5 6. c3 b6 7. Qe2 Bb7 8. Nbd2
cxd4 9. exd4 d6 10. O-O Nbd7 11. Ne4 Qc7 12. Nxf6+ Nxf6 13. Ng5 e6 14. Ne4 Bxe4
15. Bxe4 Nxe4 16. Qxe4 Rfe8 17. Qf3 Rac8 18. Bd2 f5 19. Rae1 b5 20. a3 a5 21.
g3 Qc4 22. Bc1 b4 23. axb4 axb4 24. Kh1 bxc3 25. bxc3 Qxc3 26. Qxc3 Rxc3 27.
Bb2 Rc2 28. Ba1 Kf7 29. Rd1 Ra8 30. Rb1 Raa2 31. Rb7+ Kg8 32. Rb8+ Bf8 33. Rfb1
Rxh2+ 34. Kg1 Rag2+ 35. Kf1 Rf2+ 36. Ke1 Re2+ 37. Kd1 Reg2 38. Bc3 Rxg3 39. Bd2
Rd3 40. R1b2 g5 41. fxg5 f4 42. Ke1 f3 43. Bf4 Rxb2 44. Rxb2 Rxd4 45. Be3 Rh4
46. Rb8 Rh2 47. Bf4 Re2+ 48. Kf1 e5 49. Bc1 Kf7 50. Rb3 e4 51. Bf4 Ke6 52. Rb7
Be7 53. Rb5 d5 54. Bg3 Bxg5 0-1

[Event "Veletrzni turnaj 2020"]
[Site "Brno"]
[Date "2020.08.24"]
[Round "3.1"]
[White "Meszaros, Ludek"]
[Black "Marsa, Alexandr"]
[Result "1-0"]
[WhiteElo "2067"]
[BlackElo "1871"]
[PlyCount "69"]
[EventDate "2020.08.23"]

1. e4 e6 2. d3 d5 3. Nd2 g6 4. Ngf3 Bg7 5. g3 Nf6 6. Bg2 O-O 7. O-O c5 8. Re1
dxe4 9. dxe4 Nc6 10. c3 Qc7 11. Qe2 b6 12. Nf1 a5 13. Bf4 e5 14. Bg5 Ba6 15.
Qc2 Rfd8 16. Rad1 Rxd1 17. Rxd1 Rd8 18. Bxf6 Bxf6 19. Ne3 Rxd1+ 20. Qxd1 Qd8
21. Nd5 Kg7 22. Bf1 Bxf1 23. Kxf1 Ne7 24. Nxf6 Kxf6 25. Qc1 Qd6 26. Qh6 Nc6 27.
Qxh7 Ke7 28. h4 Qe6 29. b3 Nd8 30. Qh6 Nc6 31. Kg2 a4 32. Ng5 Qd7 33. Qg7 Kd6
34. Nxf7+ Kc7 35. Qxg6 1-0